La polygamie dans les mythes sakata / (Record no. 127405)
[ view plain ]
| 000 -LEADER | |
|---|---|
| fixed length control field | 01152cam a2200325 i 4500 |
| 001 - CONTROL NUMBER | |
| control field | 1360619 |
| 003 - CONTROL NUMBER IDENTIFIER | |
| control field | ARRUPE |
| 005 - DATE AND TIME OF LATEST TRANSACTION | |
| control field | 20180116120927.0 |
| 008 - FIXED-LENGTH DATA ELEMENTS--GENERAL INFORMATION | |
| fixed length control field | 820402s1977 cg a b 001 0 fre |
| 010 ## - LIBRARY OF CONGRESS CONTROL NUMBER | |
| LC control number | 80145804 |
| 020 ## - INTERNATIONAL STANDARD BOOK NUMBER | |
| International Standard Book Number | 8439966040 |
| 040 ## - CATALOGING SOURCE | |
| Original cataloging agency | DLC |
| Transcribing agency | DLC |
| Modifying agency | DLC |
| 043 ## - GEOGRAPHIC AREA CODE | |
| Geographic area code | f-cg--- |
| 050 00 - LIBRARY OF CONGRESS CALL NUMBER | |
| Classification number | GN480.33 |
| Item number | .H685 |
| 082 00 - DEWEY DECIMAL CLASSIFICATION NUMBER | |
| Classification number | 398/.354 |
| Edition number | 19 |
| 300 ## - PHYSICAL DESCRIPTION | |
| Other physical details | ill. ; |
| Dimensions | 24 cm. |
| 100 1# - MAIN ENTRY--PERSONAL NAME | |
| Personal name | Hochegger, Hermann. |
| 9 (RLIN) | 38498 |
| 245 13 - TITLE STATEMENT | |
| Title | La polygamie dans les mythes sakata / |
| Statement of responsibility, etc | Hermann Hochegger. |
| 260 ## - PUBLICATION, DISTRIBUTION, ETC. (IMPRINT) | |
| Place of publication, distribution, etc | Bandundu [République du Zaïre] : |
| Name of publisher, distributor, etc | Ceeba, |
| Date of publication, distribution, etc | c1977. |
| 300 ## - PHYSICAL DESCRIPTION | |
| Extent | 288 p. : |
| 490 1# - SERIES STATEMENT | |
| Series statement | Publications - Ceeba : Série 2 ; |
| Volume number/sequential designation | v. 37 |
| 500 ## - GENERAL NOTE | |
| General note | Includes index. |
| 504 ## - BIBLIOGRAPHY, ETC. NOTE | |
| Bibliography, etc | Bibliography: p. 277-280. |
| 650 #0 - SUBJECT ADDED ENTRY--TOPICAL TERM | |
| Topical term or geographic name as entry element | Sakata (African people) |
| General subdivision | Polygamy |
| 9 (RLIN) | 38499 |
| 830 #0 - SERIES ADDED ENTRY--UNIFORM TITLE | |
| Uniform title | Publications (Ceeba). |
| Number of part/section of a work | Série II ; |
| Volume number/sequential designation | v. 37. |
| 9 (RLIN) | 38500 |
| 906 ## - LOCAL DATA ELEMENT F, LDF (RLIN) | |
| a | 7 |
| b | cbc |
| c | orignew |
| d | 4 |
| e | ncip |
| f | 19 |
| g | y-gencatlg |
| 942 ## - ADDED ENTRY ELEMENTS (KOHA) | |
| Source of classification or shelving scheme | Library of Congress Classification |
| Koha item type | Monograph ( Printed materials) |
| Withdrawn status | Lost status | Source of classification or shelving scheme | Damaged status | Not for loan | Collection code | Home library | Current library | Shelving location | Date acquired | Total Checkouts | Full call number | Barcode | Date last seen | Price effective from | Koha item type |
|---|---|---|---|---|---|---|---|---|---|---|---|---|---|---|---|
| Library of Congress Classification | Main Collection | ARRUPE LIBRARY | ARRUPE LIBRARY | Main Collection | 16/01/2018 | GN480.33 .H685 | 46600001199 | 16/01/2018 | 16/01/2018 | Monograph ( Printed materials) |